Κατάλογος Βιβλιοθηκών Mediterranean College

Οικογενειακή Θεραπεία / Μια Επισκόπηση: Πρώτη Ελληνική Έκδοση (Record no. 2314)

MARC details
000 -LEADER
fixed length control field 02426cam a22002174a 4500
005 - ΗΜΕΡΟΜΗΝΙΑ ΚΑΙ ΩΡΑ ΤΕΛΕΥΤΑΙΑΣ ΕΝΗΜΕΡΩΣΗΣ
Πεδίο ελέγχου 20250605164037.0
008 - FIXED-LENGTH DATA ELEMENTS--GENERAL INFORMATION
Πεδίο ελέγχου σταθερού μήκους 250528s ||||||||||||||||||||||||d
035 ## - SYSTEM CONTROL NUMBER
System control number 16862
020 ## - ISBN
ISBN 9602867809
040 ## - ΠΗΓΗ ΚΑΤΑΛΟΓΟΓΡΑΦΗΣΗΣ
Φορέας πρωτότυπης καταλογογράφησης MC Athens Campus Library
Γλώσσα καταλογογράφησης Ελληνικά, Μοντέρνα (1453-)
Modifying agency MC Athens Campus Library
Κανόνες περιγραφικής καταλογογράφησης AACR2
245 1# - ΤΙΤΛΟΣ ΚΑΙ ΔΗΛΩΣΗ ΥΠΕΥΘΥΝΟΤΗΤΑΣ
Τίτλος Οικογενειακή Θεραπεία / Μια Επισκόπηση: Πρώτη Ελληνική Έκδοση
250 ## - EDITION STATEMENT
Edition statement
260 ## - PUBLICATION, DISTRIBUTION, ETC.
Name of publisher, distributor, etc. Ίων,
Date of publication, distribution, etc. 2005
300 ## - PHYSICAL DESCRIPTION
Extent 584
520 ## - SUMMARY, ETC.
Summary, etc. Όψεις της Οικογενειακής Θεραπείας, Υιοθετώντας Ένα Πλαίσιο Οικογενειακών Σχέσεων, Η Εξέλιξη της Οικογένειας: Συνέχεια και Αλλαγή, Το Φύλο και ο Πολιτισμός και η Εθνικότητα ως Παράγοντες στη Λειτουργία, Η Οικογένεια ως Ψυχοκοινωνικό Σύστημα, Η Εξέλιξη της Οικογενειακής Θεραπείας, Προέλευση και Ανάπτυξη της Οικογενειακής Θεραπείας, Τα Βασικά Μοντέλα της Οικογενειακής Θεραπείας, Ψυχοδυναμικά Μοντέλα, Εμπειρικά Μοντέλα, Διαγενεαλογικά Μοντέλα, Το Δομικό Μοντέλο, Στρατηγικά Μοντέλα, Το Μοντέλο του Μιλάνου, Γνωστικά - Συμπεριφοριστικά Μοντέλα, Εξελισσόμενα Μοντέλα Οικογενειακής Θεραπείας, Μεταμοντερνισμός και Κοινωνικές Κονστρουκτιβιοτικές Οικογενειακές Θεραπείες, Ψυχοεκπαιδευτική Οικογενειακή Θεραπεία, Ψυχοεκπαιδευτική Οικογενειακή Θεραπεία, Ερευνητικά και Εκπαιδευτικά και Επαγγελματικά Ζητήματα, 'Ερευνες στην Οικογενειακή Θεραπεία, Πώς Γίνεσαι Οικογενειακός Θεραπευτής: Εκπαίδευση και Εποπτεία, Επαγγελματικά Ζητήματα και Ηθικές Πρακτικές, Παραρτήματα, Γλωσσάρι, Βιβλιογραφία.
700 1# - ΠΡΟΣΘΕΤΗ ΑΝΑΓΡΑΦΗ--ΦΥΣΙΚΟ ΠΡΟΣΩΠΟ
Personal name Goldenberg Herbert
9 (RLIN) 2946
700 1# - ΠΡΟΣΘΕΤΗ ΑΝΑΓΡΑΦΗ--ΦΥΣΙΚΟ ΠΡΟΣΩΠΟ
Personal name Goldenberg Irene
9 (RLIN) 2947
942 ## - ADDED ENTRY ELEMENTS (KOHA)
Koha item type Books
Holdings
Τύπος τεκμηρίου Βιβλιοθήκη Τρέχουσα τοποθεσία Barcode Αριθμός εισαγωγής Ημερομηνία απόκτησης Ταξιθετικό σύμβολο Αριθμός αντιτύπου Κατάσταση απόσυρσης Κατάσταση χαμένου Κατάσταση κατεστραμμένου Μη δανεισμός Σύνολο δανεισμών Ημερομηνία τελευταίας εμφάνισης Η τιμή ισχύει από
Books MC Athens Campus Library MC Athens Campus Library 9780000023131 5480 05/06/2025 616.89156 GOL 1           05/06/2025 05/06/2025

MC Athens Campus Library
Πατησίων 94 & Κοδριγκτώνος 13, 104 34
Πελλήνης 8 & Πατησίων 107, 112 51
Τ: +30 210 8899600

MC Thessaloniki Campus Library
Ίωνος Δραγούμη 21, 54625 | Ίωνος Δραγούμη 15, 54625
Τ: +30 2310 287779 – Τ: +30 2314 440300